000 00816cam a2200265 4500500
005 20260329003207.0
041 _afre
042 _adc
100 1 0 _aLegros, Martin
_eauthor
245 0 0 _aWolfgang Streeck: “Avec Juncker, on a fait d’un mouton noir le gardien du troupeau!”
260 _c2015.
500 _a34
690 _aAllemagne
690 _aCapitalisme
690 _aDémocratie
690 _aExil fiscal
690 _aJean-Claude Juncker
690 _aLuxLeaks
690 _aMultinationales
690 _aParadis fiscaux
690 _aUnion Européenne
690 _aWolfgang Streeck
786 0 _nPhilosophie magazine | 86 | 2 | 2015-02-01 | p. 6-6 | 1951-1787
856 4 1 _uhttps://shs.cairn.info/magazine-philosophie-magazine-2015-2-page-6?lang=fr&redirect-ssocas=7080
999 _c1822263
_d1822263